| 000 | 00404nam a22001697a 4500 | ||
|---|---|---|---|
| 005 | 20251108175814.0 | ||
| 008 | 250721s2020 xx 000 0 eng d | ||
| 082 | 1 | 4 | _aJ/F/MAL |
| 100 | 1 | _aMALKAWI, OMAR | |
| 245 | 1 | 4 | _aTHE FALL QUEEN / |
| 264 |
_bالمؤلف, _c2020. |
||
| 300 | _a212.ص | ||
| 650 | 1 | 7 | _afiction |
| 653 | _aناشئون كبار (15-18) | ||
| 942 |
_2ddc _cBK |
||
| 999 |
_c142853 _d142853 |
||